<?xml version="1.0" encoding="UTF-8"?>
<record
    xmlns:xsi="http://www.w3.org/2001/XMLSchema-instance"
    xsi:schemaLocation="http://www.loc.gov/MARC21/slim http://www.loc.gov/standards/marcxml/schema/MARC21slim.xsd"
    xmlns="http://www.loc.gov/MARC21/slim">

  <leader>01791nam a2200313 i 4500</leader>
  <controlfield tag="003">DO-SdBNP</controlfield>
  <controlfield tag="005">20240321112818.0</controlfield>
  <controlfield tag="007">ta</controlfield>
  <controlfield tag="008">230927b1987    dr a|||| |||| 00| 0 spa d</controlfield>
  <datafield tag="040" ind1=" " ind2=" ">
    <subfield code="a">DO-SdBNP</subfield>
    <subfield code="b">spa</subfield>
    <subfield code="c">BNPHU</subfield>
    <subfield code="e">rda</subfield>
  </datafield>
  <datafield tag="082" ind1=" " ind2="4">
    <subfield code="2">22</subfield>
  </datafield>
  <datafield tag="100" ind1="1" ind2=" ">
    <subfield code="a">Luciano L&#xF3;pez, Margarita,</subfield>
    <subfield code="d">1950-</subfield>
    <subfield code="e">autora</subfield>
    <subfield code="9">84993</subfield>
  </datafield>
  <datafield tag="245" ind1="1" ind2="0">
    <subfield code="a">Matem&#xE1;tica para la vida :</subfield>
    <subfield code="b">segundo grado nivel primario /</subfield>
    <subfield code="c">Milagros Pe&#xF1;a de P&#xE9;rez, Margarita Luciano de Sang, Anania de Le&#xF3;n de Encarnaci&#xF3;n ; ilustraci&#xF3;n, Roger Est&#xE9;vez ; colaboraci&#xF3;n, Albania P&#xE9;rez de Jim&#xE9;nez, Orlando Ramos</subfield>
  </datafield>
  <datafield tag="264" ind1=" " ind2=" ">
    <subfield code="a">Santo Domingo :</subfield>
    <subfield code="b">Secretar&#xED;a de Estado de Educaci&#xF3;n, Bellas Artes y Culto,</subfield>
    <subfield code="c">1987.</subfield>
  </datafield>
  <datafield tag="300" ind1=" " ind2=" ">
    <subfield code="a">212 p&#xE1;ginas :</subfield>
    <subfield code="b">ilustraciones ;</subfield>
    <subfield code="c">27 cm.</subfield>
  </datafield>
  <datafield tag="336" ind1=" " ind2=" ">
    <subfield code="2">rdacontent</subfield>
    <subfield code="a">texto</subfield>
    <subfield code="b">txt</subfield>
  </datafield>
  <datafield tag="337" ind1=" " ind2=" ">
    <subfield code="2">rdamedia</subfield>
    <subfield code="a">sin mediaci&#xF3;n</subfield>
    <subfield code="b">n</subfield>
  </datafield>
  <datafield tag="338" ind1=" " ind2=" ">
    <subfield code="2">rdacarrier</subfield>
    <subfield code="a">volumen</subfield>
    <subfield code="b">nc</subfield>
  </datafield>
  <datafield tag="500" ind1=" " ind2=" ">
    <subfield code="a">Revisado y aprobado por la Direcci&#xF3;n General de Curr&#xED;culum y Evaluaci&#xF3;n Educativa, como texto b&#xE1;sico de matem&#xE1;tica para el tercer grado del nivel primario</subfield>
  </datafield>
  <datafield tag="505" ind1="0" ind2=" ">
    <subfield code="a">Conjuntos,: Pertenencia, no pertenencia--</subfield>
    <subfield code="t">Los n&#xFA;meros. N&#xFA;meros ordinales --</subfield>
    <subfield code="t">Adici&#xF3;n de cardinales menores que mil--</subfield>
    <subfield code="t">Sustracci&#xF3;n de cardinales menores que mil--</subfield>
    <subfield code="t">Multiplicaci&#xF3;n por dos y entre tres--</subfield>
    <subfield code="t">Divisi&#xF3;n entre dos y entre tres--</subfield>
    <subfield code="t">Partes de la unidad--</subfield>
    <subfield code="t">Comparaci&#xF3;n de fracciones--</subfield>
    <subfield code="t">Figuras geom&#xE9;tricas--</subfield>
    <subfield code="t">Medidas de longitud. El metro--</subfield>
    <subfield code="t">Medidas de capacidad. El litro--</subfield>
    <subfield code="t">Monedas de uso nacional--</subfield>
    <subfield code="t">El Reloj.</subfield>
  </datafield>
  <datafield tag="590" ind1=" " ind2=" ">
    <subfield code="a">Inventariado, 2023/BT</subfield>
  </datafield>
  <datafield tag="700" ind1="1" ind2=" ">
    <subfield code="a">Luciano Sang, Margarita de</subfield>
    <subfield code="9">29588</subfield>
  </datafield>
  <datafield tag="700" ind1="1" ind2=" ">
    <subfield code="a">Le&#xF3;n, Anania</subfield>
    <subfield code="9">1263</subfield>
  </datafield>
  <datafield tag="700" ind1="1" ind2=" ">
    <subfield code="a">Est&#xE9;vez, Roger,</subfield>
    <subfield code="9">29589</subfield>
    <subfield code="e">ilustraci&#xF3;n</subfield>
  </datafield>
  <datafield tag="700" ind1="1" ind2=" ">
    <subfield code="a">P&#xE9;rez Jim&#xE9;nez, Albania de,</subfield>
    <subfield code="9">29590</subfield>
    <subfield code="e">colaborador</subfield>
  </datafield>
  <datafield tag="700" ind1="1" ind2=" ">
    <subfield code="a">Ramos, Orlando</subfield>
    <subfield code="e">colaborador</subfield>
    <subfield code="9">29591</subfield>
  </datafield>
  <datafield tag="910" ind1=" " ind2=" ">
    <subfield code="a">Btav&#xE9;rez</subfield>
  </datafield>
  <datafield tag="942" ind1=" " ind2=" ">
    <subfield code="2">ddc</subfield>
    <subfield code="c">LBS1</subfield>
  </datafield>
  <datafield tag="952" ind1=" " ind2=" ">
    <subfield code="0">0</subfield>
    <subfield code="1">0</subfield>
    <subfield code="2">ddc</subfield>
    <subfield code="5">1</subfield>
    <subfield code="7">0</subfield>
    <subfield code="8">PD</subfield>
    <subfield code="a">BNPHU</subfield>
    <subfield code="b">BNPHU</subfield>
    <subfield code="c">CT</subfield>
    <subfield code="d">2023-09-27</subfield>
    <subfield code="e">Donaci&#xF3;n</subfield>
    <subfield code="l">0</subfield>
    <subfield code="o">BNPHU PD </subfield>
    <subfield code="p">2023-6456</subfield>
    <subfield code="r">2023-09-27</subfield>
    <subfield code="w">2023-09-27</subfield>
    <subfield code="y">LBS1</subfield>
    <subfield code="z">Perteneci&#xF3; a la biblioteca personal de B&#xE1;rbara Suncar.</subfield>
  </datafield>
  <datafield tag="952" ind1=" " ind2=" ">
    <subfield code="0">0</subfield>
    <subfield code="1">0</subfield>
    <subfield code="2">ddc</subfield>
    <subfield code="5">1</subfield>
    <subfield code="7">0</subfield>
    <subfield code="8">PD</subfield>
    <subfield code="a">BNPHU</subfield>
    <subfield code="b">BNPHU</subfield>
    <subfield code="c">CT</subfield>
    <subfield code="d">2025-09-04</subfield>
    <subfield code="e">donaci&#xF3;n</subfield>
    <subfield code="l">0</subfield>
    <subfield code="o">BNPHU PD P349m</subfield>
    <subfield code="p">2025-9520</subfield>
    <subfield code="r">2025-09-04</subfield>
    <subfield code="t">e.2</subfield>
    <subfield code="w">2025-09-04</subfield>
    <subfield code="y">LBS1</subfield>
    <subfield code="z">B&#xE1;rbara Suncar</subfield>
  </datafield>
  <datafield tag="999" ind1=" " ind2=" ">
    <subfield code="c">54960</subfield>
    <subfield code="d">54960</subfield>
  </datafield>
</record>
